| 000 | 00624nam a22001937a 4500 | ||
|---|---|---|---|
| 999 |
_c1147 _d1147 |
||
| 003 | AR-CdUCM | ||
| 008 | 190226b ||||| |||| 00| 0 esp d | ||
| 040 |
_aMUNICIPALIDAD PROVINCIAL DEL CUSCO _cBIBLIOTECA MUNICIPAL DEL CUSCO |
||
| 082 |
_a940.2 / _bP29 |
||
| 100 |
_aPauwels, Louis _94502 |
||
| 245 |
_aCarta abierta a la gente feliz / _cLouis Pauwels. |
||
| 260 |
_aBuenos Aires : _bEmecé editores, _c1972. |
||
| 300 |
_a186 paginas ; _c21 cm. |
||
| 505 | _aPersuadir a los hombres de que son desdichados. | ||
| 650 |
_aChesterton. _94503 |
||
| 650 |
_aCarta. _94504 |
||
| 942 |
_2ddc _cLIBROS |
||
| 945 |
_aacrt _d2019-02-26 |
||